Les empires les plus puissants de chaque siècle - Statistiques

Statistiques générales
  • Ce quiz a été pris 72 fois
    40 depuis la dernière actualisation
  • Le résultat moyen est 13 sur 31
Statistiques - réponses
Siècle Empire % Correct
21ème États-Unis
89%
20ème États-Unis
89%
3ème Empire Romain
74%
2ème Empire Romain
74%
Ier Empire Romain
74%
Ier av J-C Empire Romain
74%
16ème Empire Ottoman
66%
18ème Empire Français / Empire Napoléonien
63%
19ème Empire Britannique
61%
17ème Empire Britannique
61%
15ème Empire Espagnol
53%
13ème Empire Mongol
53%
10ème Empire Byzantin / Empire Romain d'Orient
45%
9ème Empire Byzantin / Empire Romain d'Orient
45%
6ème Empire Byzantin / Empire Romain d'Orient
45%
2ème av J-C Égypte
34%
3ème av J-C Égypte
34%
7ème av J-C Égypte
34%
8ème av J-C Égypte
34%
9ème av J-C Égypte
34%
10ème av J-C Égypte
34%
11ème Saint Empire Romain Germanique
34%
6ème av J-C Perse
29%
8ème Califat Abbasside
11%
7ème Califat Omeyyade
8%
5ème Les Huns
8%
4ème Les Huns
8%
14ème Empire Timouride
5%
4ème av J-C Grèce Antique
3%
5ème av J-C Grèce Antique
3%
12ème Empire des Francs
0%
Aucun quiz correspondant
Distribution des résultats
% des personnes avec chaque résultat
Percentile par nombre de réponses
Votre historique - résultats
Vous n’avez pas pris ce quiz depuis la dernière actualisation